00375nam a22001337a 450000500170000000800410001704100120005808200120007010000120008224500370009426000550013130000300018665000250021620240805093248.0240805b |||||||| |||| 00| 0 eng d aEnglish a349 SOU lEnglish aSouth African Law Reports: Natal aPietermaritzburg: bThe Natal Witness Ltd, c1934  bxxx, 412 pages; c25 cm.  aLegal practice bLaw